00373pab a2200133 454500008004000000100002700040245008300067260000900150300001300159362001100172650001500183650002100198773002000219180718b2008 xxu||||| |||| 00| 0 eng d aVinquaruddin, Mohammed aInternationalising courses of political theory in the undergraduate curriculum c2008 ap.13-15. a19 May aCurriculum aPolitical theory aUniversity News